|
|
|
|
| LEADER |
00799nam a2200205 i 4500 |
| 001 |
c000027048 |
| 003 |
CARM |
| 005 |
00000000000000.0 |
| 008 |
850320s1927 enk 0 eng d |
| 019 |
1 |
|
|a 9250779
|z 26964364
|z 27675566
|5 LACONCORD2021
|
| 035 |
|
|
|a (OCoLC)4321960
|5 LACONCORD2021
|
| 100 |
1 |
|
|a Mainage, Theodore.
|
| 245 |
1 |
0 |
|a Principles of theosophy /
|c by Theodore Mainage ; translated by Suzanne Duche and Yvonne Cooper.
|
| 260 |
|
|
|a London :
|b Sheed & Ward,
|c [1927].
|
| 300 |
|
|
|a 250 p.
|
| 500 |
|
|
|a Bibliographical footnotes.
|
| 650 |
|
0 |
|a Theosophy.
|
| 852 |
8 |
|
|b CARM
|h A2:AE19G0
|i A00047
|p 0020369
|f BK
|
| 999 |
f |
f |
|i 28144550-b53a-5227-8927-078fa9dcc0bd
|s 446116f0-4fe4-50f1-90f3-5a0998756ecf
|
| 952 |
f |
f |
|p Can circulate
|a CAVAL
|b CAVAL
|c CAVAL
|d CARM 1 Store
|e A00047
|f A2:AE19G0
|h Other scheme
|i book
|m 0020369
|